Statistics for Highest Rated Serie A players on FIFA Soccer 13

Click here to take the quiz!

General Stats

  • This quiz has been taken 2,051 times
  • The average score is 4 of 13

Answer Stats

PositionName% Correct
GKGianluigi Buffon (87)
98%
CMAndrea Pirlo (87)
75%
CBGiorgio Chiellini (84)
72%
CDMDaniele De Rossi (86)
50%
STEdinson Cavani (86)
37%
RBStephan Lichtsteiner (82)
24%
LWRobinho (83)
18%
CAMWesley Sneijder (87)
17%
CFAntonio Cassano (85)
14%
RWRodrigo Palacio (83)
10%
RMChristian Maggio (81)
9%
LBFederico Balzaretti (80) / Álvaro Pereira (80)
9%
LMSenad Lulić (80) / Juan Manuel Vargas (80)
3%

Score Distribution

Percentile by Number Answered

Percent of People with Each Score

Your Score History

You have not taken this quiz